1620 1108 1594 1956 1885 1839 1891 1814 1594 1964 1367 1941 1279 1141 1920 1092 1732 1660 1790 1180 1761 1428 1101 1999 1111 1311 1911 1726 1914 1214 1347 1372 1508 1404 1648 1973 1605 1060 1641 1401 1020 1231 1965 1120 1824 1712 1642 1249 1116 1447 1239 1173 1819 1549 1292 1213 1662 1244 1402 1506 1700 1397 1301 1492 1300 1182 1357 1383 1590 1637 1882 1195 1294 1171 1804 1923 1894 1846 1966 1612 1276 1805 1149 1810 1119 1622 1295 1545 1257 1286 1393 1565 1527 1481 1749 1758 1886 1658 1751 BCNSPRNW ULIB Ver.6.0+V

เปลี่ยนเป็นภาษาไทย

Change to English
 แสดงรายละเอียดบรรณานุกรม
  กลับหน้าหลัก

Brief Record : Get Marc (ISO 2709) : E-mail record : QR code < ปิดหน้าต่าง
LEADER : 00000nam 2200000uu 4500
001    13399112098
003     ULIB
008    110726s2550||||th 000 0 tha d
020    9742131325
020    9789742131326
050  4 HA32^bย351ว ล.4 2550
100 0  ยุทธ ไกยวรรณ์
245 10 วิเคราะห์ข้อมูลวิจัย 4 =^bStep by step SPSS 4 /^cยุทธ ไกรวรรณ์
246 31 Step by step SPSS 4
260    กรุงเทพฯ :^bศูนย์สื่อเสริมกรุงเทพ,^c2550
300    223 หน้า :^bภาพประกอบ ;^c26 ซม.
650  4 เอสพีเอสเอส (โปรแกรมคอมพิวเตอร์)
650  4 เอสพีเอสเอสสำหรับวินโดวส์
650  4 สถิติ^xการประมวลผลข้อมูล
650  4 สถิติ^xโปรแกรมคอมพิวเตอร์
945    ^p175^l0^i023973
945    ^p175^l0^i023974
995    ทศพร
999 ^a ทศพร
รายการนี้ยังไม่มีแท็ก
คุณยังไม่ได้ล็อกอิน คุณสามารถมีกิจกรรมร่วมกับเว็บไซต์ได้ แต่ต้องล็อกอินก่อน ::
  ล็อกอิน

รายการสื่อสารสนเทศ

ลำดับที่ ประเภท เลขเรียก/บาร์โค้ด สถานที่ สถานะ
- ไม่พบข้อมูล -

รายการใกล้เคียง
    ผู้แต่ง [ยุทธ ไกยวรรณ์]

    หัวเรื่อง [เอสพีเอสเอส (โปรแกรมคอมพิวเตอร์)]
    หัวเรื่อง [เอสพีเอสเอสสำหรับวินโดวส์]

BibComment


ยังไม่เคยถูกคอมเมนท์

คอมเมนท์ทรัพยากรรายการนี้
  คอมเมนท์: วิเคราะห์ข้อมูลวิ..


 Copyright 2026. Bcnsprnw @Library